00101nam a22000617a 4500082001300000100001200013245001400025 a526.9SHA aShahane aSurveying